Countries of Asia That Start With I - Statistics

General Stats
  • This quiz has been taken 37 times
  • The average score is 5 of 5
Answer Stats
Country % Correct
India
100%
Indonesia
94%
Iran
92%
Iraq
92%
Israel
89%
No matching quizzes found
Score Distribution
Percent of People with Each Score
Percentile by Number Answered
Your Score History
You have not taken this quiz